5-Letter Ends in 'A' Quiz Stats

 Plays Quiz Updated Jan 27, 2019

Support Sporcle.
Go Orange.
Score 0/26 Timer 04:00
3 Plays Today
5-Letter Word % Correct
Ccobra
96%
Zzebra
94%
Aaorta
93.5%
Vviola
91.2%
Kkoala
90.7%
IIndia
90.2%
FFiona
90%
Ssalsa
89.4%
Mmocha
88.9%
Lllama
84.1%
Oouija
81.6%
Ppolka
77.9%
Rrumba
75.7%
5-Letter Word % Correct
Nninja
74.3%
Bbalsa
72.6%
Gguava
71.5%
Qquota
71%
Uuvula
71%
TTesla
70.7%
EEbola
67%
Ddogma
66.3%
HHoffa
61.2%
WWicca
53.9%
YYalta
50%
Jjunta
45.5%
XXhosa
12.6%

You're not logged in!

Compare scores with friends on all Sporcle quizzes.
OR
Log In
Forgot?

From the Vault

60 Second Blitz: US Capitals

by WorldWhiz

50 capitals, 60 seconds, no excuses.
Remove Ads.
Support Sporcle.
Get the best of Sporcle when you Go Orange. This ad-free experience offers more features, more stats, and more fun while also helping to support Sporcle. Thank you for becoming a member.

Show Comments

Extras

Top Quizzes Today


Score Distribution

Your Account Isn't Verified!

In order to create a playlist on Sporcle, you need to verify the email address you used during registration. Go to your Sporcle Settings to finish the process.

Report this User

Report this user for behavior that violates our Community Guidelines.

Details: